الطب الشرعى وجرائم الإعتداء على الأشخاص والأموال / (Record no. 58501)
[ view plain ]
| 000 -LEADER | |
|---|---|
| fixed length control field | 01923nam a2200325 i 4500 |
| 003 - CONTROL NUMBER IDENTIFIER | |
| control field | EG-GICUC |
| 005 - DATE AND TIME OF LATEST TRANSACTION | |
| control field | 20260310131225.0 |
| 008 - FIXED-LENGTH DATA ELEMENTS--GENERAL INFORMATION | |
| fixed length control field | 260121s2012 ua o|||fr|||| 00| 0 ara d |
| 040 ## - CATALOGING SOURCE | |
| Original cataloging agency | EG-GICUC |
| Language of cataloging | ara |
| Transcribing agency | EG-GICUC |
| Modifying agency | EG-GICUC |
| Description conventions | rda |
| 041 0# - LANGUAGE CODE | |
| Language code of text/sound track or separate title | Ara |
| 082 04 - DEWEY DECIMAL CLASSIFICATION NUMBER | |
| Edition number | 21 |
| Classification number | 343.83 |
| Item number | س ا . ط |
| 092 04 - LOCALLY ASSIGNED DEWEY CALL NUMBER (OCLC) | |
| Edition number | 21 |
| 099 ## - LOCAL FREE-TEXT CALL NUMBER (OCLC) | |
| Classification number | Law1 10 343.83 س ا . ط 2012 |
| 100 0# - MAIN ENTRY--PERSONAL NAME | |
| Personal name | سالم حسين الدخيرى |
| Relator term | مؤلف. |
| 245 12 - TITLE STATEMENT | |
| Title | الطب الشرعى وجرائم الإعتداء على الأشخاص والأموال / |
| Statement of responsibility, etc. | تأليف دكتور سالم حسين الدخيرى، دكتور عبدالحكم فوده. |
| 264 #3 - PRODUCTION, PUBLICATION, DISTRIBUTION, MANUFACTURE, AND COPYRIGHT NOTICE | |
| Place of production, publication, distribution, manufacture | إسكندرية : |
| Name of producer, publisher, distributor, manufacturer | دار المطبوعات الجامعية، |
| -- | الفنية للطباعة والنشر، |
| Date of production, publication, distribution, manufacture, or copyright notice | 2012. |
| 300 ## - PHYSICAL DESCRIPTION | |
| Extent | 1080 صفحة : |
| Other physical details | صور؛ |
| Dimensions | 24 سم. |
| 336 ## - CONTENT TYPE | |
| Source | rda content |
| Content type term | text |
| 337 ## - MEDIA TYPE | |
| Source | rda media |
| Media type term | Computer |
| 338 ## - CARRIER TYPE | |
| Source | rda carrier |
| Carrier type term | Online Resource |
| 500 ## - GENERAL NOTE | |
| General note | ماهية الطب الشرعى - الكشف الطبى الظاهرى - الكشف الطبى التشريحى - الجروح وأنواعها - الكسور وأنواعها - العاهة المستديمة - الإستعراق - الآثار المادية - جرائم العرض - الإجهاض - الجنون والعته - القتل - الإسفكسيا - التسمم - الوفاة حرقا - الانتحار - التزييف والتزوير - المضاهاه - الاستكتاب - فحص الأسلحة - فحص حوادث السيارات - فحص المواد المخدرة - التصوير الجنائى. |
| 546 ## - LANGUAGE NOTE | |
| Language note | النص باللغة العربية |
| 650 1# - SUBJECT ADDED ENTRY--TOPICAL TERM | |
| Topical term or geographic name entry element | علم الطب الشرعى |
| Source of heading or term | qrmak |
| 650 1# - SUBJECT ADDED ENTRY--TOPICAL TERM | |
| Topical term or geographic name entry element | القانون الجنائى |
| Source of heading or term | qrmak |
| 651 1# - SUBJECT ADDED ENTRY--GEOGRAPHIC NAME | |
| Source of heading or term | qrmak |
| 700 ## - ADDED ENTRY--PERSONAL NAME | |
| Personal name | عبدالحكم فوده |
| Relator term | مؤلف مشارك. |
| 856 40 - ELECTRONIC LOCATION AND ACCESS | |
| Uniform Resource Identifier | <a href="https://fll.law.cu.edu.eg/fulltext/bks/B10-07848.pdf">https://fll.law.cu.edu.eg/fulltext/bks/B10-07848.pdf</a> |
| 905 ## - Cataloger and Reviser Names | |
| Cataloger Name: | Yasmin Sayed |
| Revisor Name: | Yara |
| 942 ## - ADDED ENTRY ELEMENTS (KOHA) | |
| Source of classification or shelving scheme | Dewey Decimal Classification |
| Koha item type | Books |
| Edition | 21 |
| Suppress in OPAC | No |
| Withdrawn status | Lost status | Source of classification or shelving scheme | Damaged status | Not for loan | Collection | Home library | Current library | Date acquired | Total checkouts | Full call number | Barcode | Date last seen | Copy number | Price effective from | Koha item type |
|---|---|---|---|---|---|---|---|---|---|---|---|---|---|---|---|
| Dewey Decimal Classification | Not for loan | القانون الجنائي | جــــامعة القــاهرة | مكتبة كلية الحقوق - المبنى الرئيسي | 21.01.2026 | Law1 10 343.83 س ا . ط 2012 1007848 C1 | B10-07848 | 21.01.2026 | 1 | 21.01.2026 | Books |